000 00253nam a22001217a 4500
999 _c14179
_d14179
082 _a658.5AHU
100 _aAhuja, K K
245 _aIndustrial Management
260 _aIndia
_c1986
300 _a375
650 _aIndustrial Management
942 _cBK